Risk management is your business. (Record no. 60832)
[ view plain ]
| 000 -LEADER | |
|---|---|
| fixed length control field | 00598cam a2200181 4500 |
| 001 - CONTROL NUMBER | |
| control field | ABS61142 |
| 008 - FIXED-LENGTH DATA ELEMENTS--GENERAL INFORMATION | |
| fixed length control field | 000000n1999 000 0 eng u |
| 035 ## - SYSTEM CONTROL NUMBER | |
| System control number | (Sirsi) u101707 |
| 100 ## - MAIN ENTRY--PERSONAL NAME | |
| Personal name | Maughan, B. |
| 245 ## - TITLE STATEMENT | |
| Title | Risk management is your business. |
| 260 ## - PUBLICATION, DISTRIBUTION, ETC. | |
| Date of publication, distribution, etc. | 1999 |
| 490 ## - SERIES STATEMENT | |
| Series statement | Cost Engineer |
| Volume/sequential designation | 37(4) July 1999, 5-9(5) |
| 520 ## - SUMMARY, ETC. | |
| Summary, etc. | Considers a risk maturity model developed to help businesses assess the effectiveness of their risk management procedures. |
| 650 ## - SUBJECT ADDED ENTRY--TOPICAL TERM | |
| Topical term or geographic name entry element | MANAGEMENT-BUSINESS MANAGEMENT |
| 650 ## - SUBJECT ADDED ENTRY--TOPICAL TERM | |
| Topical term or geographic name entry element | PROFESSIONAL PRACTICE |
| 690 ## - LOCAL SUBJECT ADDED ENTRY--TOPICAL TERM (OCLC, RLIN) | |
| Topical term or geographic name as entry element | Project management |
| 9 (RLIN) | 6261 |
| 942 ## - ADDED ENTRY ELEMENTS (KOHA) | |
| Suppress in OPAC | 0 |
| Withdrawn status | Lost status | Source of classification or shelving scheme | Damaged status | Not for loan | Home library | Current library | Shelving location | Date acquired | Total Checkouts | Full call number | Barcode | Date last seen | Copy number | Price effective from | Koha item type |
|---|---|---|---|---|---|---|---|---|---|---|---|---|---|---|---|
| Dewey Decimal Classification | London | London | Journal article | 10/11/1999 | ABS61142 | 101707-1001 | 06/08/2019 | 1 | 06/08/2019 | Journal article |